Müslüman aydın : (Record no. 78137)

MARC details
000 -LEADER
fixed length control field 01079 a2200337 4500
001 - CONTROL NUMBER
control field 78137
003 - CONTROL NUMBER IDENTIFIER
control field TR-AnTOB
005 - DATE AND TIME OF LATEST TRANSACTION
control field 20230420001255.0
008 - FIXED-LENGTH DATA ELEMENTS--GENERAL INFORMATION
fixed length control field 100205s1989 tu 00100 tur
040 ## - CATALOGING SOURCE
Original cataloging agency TOBB ETÜ
Transcribing agency TR-AnTOB
041 ## - LANGUAGE CODE
Language code of text/sound track or separate title Türkçe
050 ## - LIBRARY OF CONGRESS CALL NUMBER
Classification number B753.G3
Item number G37 1989
090 ## - LOCALLY ASSIGNED LC-TYPE CALL NUMBER (OCLC); LOCAL CALL NUMBER (RLIN)
Classification number (OCLC) (R) ; Classification number, CALL (RLIN) (NR) B753.G3 G37 1989
100 1# - MAIN ENTRY--PERSONAL NAME
Personal name Watt, W. Montgomery,
Fuller form of name (William Montgomery)
9 (RLIN) 38973
245 #0 - TITLE STATEMENT
Title Müslüman aydın :
Remainder of title Gazali hakkında bir araştırma /
Statement of responsibility, etc. W.Montgomery Watt ; çev. Hanifi Özcan.
264 #1 - PRODUCTION, PUBLICATION, DISTRIBUTION, MANUFACTURE, AND COPYRIGHT NOTICE
Place of production, publication, distribution, manufacture İzmir :
Name of producer, publisher, distributor, manufacturer Dokuz Eylül Üniversitesi ,
Date of production, publication, distribution, manufacture, or copyright notice 1989.
300 ## - PHYSICAL DESCRIPTION
Extent 165 s.;
Other physical details 24cm.
490 0# - SERIES STATEMENT
Series statement Dokuz Eylül Üniversitesi yayınları;
504 ## - BIBLIOGRAPHY, ETC. NOTE
Bibliography, etc. note
590 ## - LOCAL NOTE (RLIN)
Local note Sayın Celil Güngör tarafından bağışlanmıştır.
600 #0 - SUBJECT ADDED ENTRY--PERSONAL NAME
Personal name Ghazzālī,
Dates associated with a name 1058-1111
9 (RLIN) 63782
650 #7 - SUBJECT ADDED ENTRY--TOPICAL TERM
Topical term or geographic name entry element İslam felsefesi
Source of heading or term etuturkob
9 (RLIN) 101812
Topical term or geographic name entry element Islamic philosophy
9 (RLIN) 123116
700 ## - ADDED ENTRY--PERSONAL NAME
Personal name Özcan, Hanifi
9 (RLIN) 63783
710 2# - ADDED ENTRY--CORPORATE NAME
Corporate name or jurisdiction name as entry element Dokuz Eylül Üniversitesi
9 (RLIN) 63784
902 ## - LOCAL DATA ELEMENT B, LDB (RLIN)
a 28625
903 ## - LOCAL DATA ELEMENT C, LDC (RLIN)
a Merkez Kütüphane
942 ## - ADDED ENTRY ELEMENTS (KOHA)
Koha item type Book
Source of classification or shelving scheme Library of Congress Classification
945 ## - LOCAL PROCESSING INFORMATION (OCLC)
a go, BS
Holdings
Withdrawn status Lost status Source of classification or shelving scheme Materials specified (bound volume or other part) Not for loan Collection code Home library Current library Shelving location Date acquired Source of acquisition Cost, normal purchase price Serial Enumeration / chronology Total Checkouts Total Holds Full call number Barcode Copy number Date shelved Koha item type
      C.1 Ödünç Verilebilir / Available Genel Koleksiyon Merkez Kütüphane Merkez Kütüphane Genel Koleksiyon / Main Collection 05/12/2010 Bağış / Donation 0.01 1     B753.G3 G37 1989 0028625 1 21/04/2010 Book
Devinim Yazılım Eğitim Danışmanlık tarafından Koha'nın orjinal sürümü uyarlanarak geliştirilip kurulmuştur.